000 00495cam a2200145 4500500
005 20251012010800.0
041 _afre
042 _adc
100 1 0 _aCerf, Juliette
_eauthor
245 0 0 _aPierre Zaoui. « Extraordinaire pour soi, ordinaire pour tous »
260 _c2010.
500 _a54
786 0 _nPhilosophie magazine | 44 | 11 | 2010-11-01 | p. 14-14 | 1951-1787
856 4 1 _uhttps://shs.cairn.info/magazine-philosophie-magazine-2010-11-page-14?lang=fr&redirect-ssocas=7080
999 _c1520605
_d1520605